|
|
|
|
| LEADER |
01367cam a2200325 a 4500 |
| 001 |
c000280297 |
| 003 |
CARM |
| 005 |
20080206160032.0 |
| 008 |
900202s1987 paua 000 0 eng d |
| 010 |
|
|
|a 87082087
|
| 019 |
1 |
|
|a 6442684
|z 42281567
|5 LACONCORD2021
|
| 020 |
|
|
|a 0910251193
|
| 035 |
|
|
|a (OCoLC)17396945
|5 LACONCORD2021
|
| 040 |
|
|
|a 2686
|b eng
|c 2686
|d WLB
|
| 043 |
|
|
|a n-us---
|
| 050 |
|
4 |
|a GV182.15
|b .C76 1987
|
| 082 |
0 |
0 |
|a 790.0691
|2 20
|
| 100 |
1 |
|
|a Crompton, John L.
|
| 245 |
1 |
0 |
|a Doing more with less in the delivery of recreation and park services :
|b a book of case studies /
|c John L. Crompton.
|
| 246 |
3 |
|
|a Doing more with less in parks and recreation services
|
| 260 |
|
|
|a State College, Pa. :
|b Venture Publishing,
|c c1987.
|
| 300 |
|
|
|a xi, 200 p. :
|b ill. ;
|c 26 cm.
|
| 500 |
|
|
|a Cover title: Doing more with less in parks and recreation services.
|
| 504 |
|
|
|a Includes bibliographical references.
|
| 650 |
|
0 |
|a Parks
|z United States
|x Management
|x Case studies.
|
| 650 |
|
0 |
|a Recreation
|z United States
|x Management
|x Case studies.
|
| 740 |
0 |
|
|a Doing more with less in parks and recreation services.
|
| 852 |
8 |
|
|b CARM
|h A1:AQ38D0
|i F03336
|p 0467722
|f BK
|
| 999 |
f |
f |
|i 3a1b1351-48ba-5083-a306-76c3b497c156
|s 573f8dd3-0d65-5b15-a410-86234d4a79f1
|
| 952 |
f |
f |
|p Can circulate
|a CAVAL
|b CAVAL
|c CAVAL
|d CARM 1 Store
|e F03336
|f A1:AQ38D0
|h Other scheme
|i book
|m 0467722
|